[Event "Wroclaw Anderssen Memorial op-C"]
[Site "Wroclaw"]
[Date "2023.??.??"]
[Round "7"]
[White "Ochenduszko, Bartosz"]
[Black "Sikorski, Bartosz1111"]
[Result "1-0"]
[WhiteElo "1550"]
[BlackElo "1133"]
[PlyCount "43"]
[EventDate "2023.08.06"]
[EventType "swiss"]
[EventRounds "9"]
[EventCountry "POL"]
[SourceTitle "EXT 2024"]
[Source "ChessBase"]
[SourceDate "2023.10.10"]
[SourceVersion "1"]
[SourceVersionDate "2023.10.10"]
[SourceQuality "1"]

1. d4 d5 2. Nf3 e6 3. e3 Nf6 4. Bd3 c5 5. b3 Nc6 6. Bb2 cxd4 7. exd4 Bd6 8. 0-0 0-0 9. Nbd2 Re8 10. Ne5 Qc7 11. f4 Qb6 12. Ndf3 Ne4 13. Bxe4 dxe4 14. Ng5 Nxe5 15. fxe5 Bxe5 16. Qh5 Bxh2+ 17. Kxh2 Qc7+ 18. Kh1 h6 19. Rxf7 Re7 20. Raf1 Rxf7 21. Rxf7 Bd7 22. Qg6 1-0

[Event "Wroclaw Anderssen Memorial op-C"]
[Site "Wroclaw"]
[Date "2023.??.??"]
[Round "8"]
[White "Ochenduszko, Bartosz"]
[Black "Trusewicz, Jakub"]
[Result "1-0"]
[WhiteElo "1550"]
[BlackElo "1216"]
[PlyCount "63"]
[EventDate "2023.08.06"]
[EventType "swiss"]
[EventRounds "9"]
[EventCountry "POL"]
[SourceTitle "EXT 2024"]
[Source "ChessBase"]
[SourceDate "2023.10.10"]
[SourceVersion "1"]
[SourceVersionDate "2023.10.10"]
[SourceQuality "1"]

1. d4 d5 2. e3 Nf6 3. Bd3 e6 4. Nf3 Bd6 5. b3 b6 6. Bb2 c5 7. Nbd2 Nbd7 8. Ne5 Bb7 9. 0-0 Qc7 10. f4 cxd4 11. exd4 Ne4 12. Nxe4 dxe4 13. Bb5 Bxe5 14. fxe5 a6 15. Bc4 b5 16. Qh5 g6 17. Qg5 bxc4 18. Ba3 Qd8 19. Qf4 f5 20. exf6 Kf7 21. Qh6 Nxf6 22. Rxf6+ Qxf6 23. Rf1 Qxf1+ 24. Kxf1 cxb3 25. Qf4+ Kg7 26. Qc7+ Kh6 27. axb3 Rab8 28. h4 g5 29. Qf7 Rhg8 30. g4 e3 31. Qf6+ Rg6 32. hxg5# 1-0

[Event "Polanica Zdroj op-B 58th"]
[Site "Polanica Zdroj"]
[Date "2022.08.17"]
[Round "5"]
[White "Ochenduszko, Bartosz"]
[Black "Kossowski, Pawel"]
[Result "0-1"]
[WhiteElo "1546"]
[BlackElo "1737"]
[PlyCount "116"]
[EventDate "2022.08.13"]
[EventType "swiss"]
[EventRounds "9"]
[EventCountry "POL"]
[SourceTitle "CBM 210 Extra"]
[Source "ChessBase"]
[SourceDate "2022.11.30"]
[SourceVersion "1"]
[SourceVersionDate "2022.11.30"]
[SourceQuality "1"]

1. d4 Nf6 2. c4 e6 3. Nc3 Bb4 4. Qc2 0-0 5. Nf3 c5 6. dxc5 Qa5 7. Bd2 Qxc5 8. e3 d5 9. Rc1 dxc4 10. Ne4 Nxe4 11. Qxe4 Qb6 12. Qxc4 Bxd2+ 13. Nxd2 Bd7 14. Qb3 Qxb3 15. Nxb3 Bc6 16. Na5 Bd5 17. Bc4 Bxg2 18. Rg1 Bf3 19. Rg3 Bc6 20. Bd3 Rd8 21. Ke2 g6 22. Rg4 Rd5 23. Nxc6 Nxc6 24. Be4 Rb5 25. b3 Ra5 26. Bb1 Rd8 27. a4 Rad5 28. Rc2 Rd1 29. Rb2 f5 30. Rc4 Rh1 31. Bc2 Rxh2 32. b4 Rd7 33. a5 Ne5 34. Rc8+ Kf7 35. Ba4 Rd6 36. Rbc2 Nd3 37. Kf1 Rh1+ 38. Kg2 Ra1 39. R2c7+ Kf6 40. f4 Nxf4+ 41. exf4 Rd2+ 42. Kf3 Ra3+ 43. Rc3 Rxa4 44. Ke3 Rd7 45. R3c4 Ra3+ 46. Ke2 Rad3 47. Ra8 Rd2+ 48. Ke1 a6 49. Rf8+ Kg7 50. Rcc8 R2d4 51. Rg8+ Kh6 52. Rc3 Re4+ 53. Kf2 Rxf4+ 54. Ke2 Rxb4 55. Rh3+ Kg5 56. Rg3+ Kf4 57. Rh3 Rb2+ 58. Ke1 Kg4 0-1